Dire Straits Discography - Statistics

General Stats
  • This quiz has been taken 95 times
  • The average score is 10 of 18
Answer Stats
Type Year Name % Correct
Album 1985 Brothers in Arms
99%
Album 1979 Communiqué
94%
Album 1978 Dire Straits
94%
Album 1980 Making Movies
92%
Album 1982 Love over Gold
90%
Album 1991 On Every Street
82%
Live Album 1984 Alchemy: Dire Straits Live
79%
Live Album 2010 Alchemy: Dire Straits Live - (20th Anniversary Deluxe Edition)
79%
Compilation 1998 Sultans of Swing: The Very Best of Dire Straits
56%
Live Album 1993 On the Night
47%
Compilation 2005 Private Investigations: The Best of Dire Straits & Max Knopfler
47%
Compilation 1988 Money for Nothing
44%
Live Album 1995 Live at the BBC
26%
EP 1983 ExtendedancEPlay
23%
EP 1993 Encores
14%
Live EP 1990 Live at Knebworth
9%
Box Set 2013 The Studio Albums 1978-1991
8%
EP 2015 The Honky Tonky Demos
4%
No matching quizzes found
Score Distribution
Percent of People with Each Score
Percentile by Number Answered
Your Score History
You have not taken this quiz